LEADER 00469nab a2200133 i 4500 001 000000327526 003 CaOOAMICUS 005 20180831173543.0 008 180831n it uu u0 0ita r 013 $a39113 040 $aSeMil$bita 245 13$aIl mistero della chiamata. - In [rubrica] :$bLascio tutto... Eccomi! 773 0 $tLascio tutto... eccomi!.$gp.3$w()290618 996 $6245$aIl mistero della chiamata. - In [rubrica] :$bLascio tutto... Eccomi!$9(OLS)http://semarc/title/416145 LEADER 00795nam a2200181 i 4500 001 000000054768 003 CaOOAMICUS 005 19970602000000.0 008 970602n xx u000 u ger u 013 $a25940 040 $aSeMil$bita 100 1 $aLengsfeld, Peter.$0(OLS)http://semarc/name/21596 245 10$aÜberlieferung :$bTradition und Schrift in der Evangelischen und Katholischen Theologie der Gegenwart. 650 4$aTeologia - Saggi.$0(OLS)http://semarc/subject/231 650 4$aTesi di laurea.$0(OLS)http://semarc/subject/1690 850 $aSeMil 852 $aSeMil$W1$xVenegono$y1$m2I II 132/A$j20922$B20922$CSeMilBibl$Z2$F20924 $81 996 $6245$aÜberlieferung :$bTradition und Schrift in der Evangelischen und Katholischen Theologie der Gegenwart$9(OLS)http://semarc/title/84857